CRC Handbook of Chemistry and Physics 56th Edition A Ready-Reference Book of Chemical and Physical Data

Salvato in:
Dettagli Bibliografici
Altri autori: Weast, Robert C. (Redattore)
Natura: Libro
Lingua:inglese
Pubblicazione: Cleveland CRC Press 1975
Edizione:56th edition
Serie:Handbook of chemistry and physics 1975-1976, 56th edition
Soggetti:
Accesso online:Visualizza in OPAC
Tags: Aggiungi Tag
Nessun Tag, puoi essere il primo ad aggiungerne!!

MARC

LEADER 00000nam a2200000 a 4500
005 20260127134103.0
008 090521 1975 xxu 000 0 eng d
035 |a vtls009515116 
039 9 |a 200905211123  |b mschk03  |c 200905210918  |d mschk03  |y 200905210913  |z mschk03 
040 |a STUSCHK1  |b slo  |c STUSCHK1  |e AACR2 
080 |a 51+53(03) 
245 1 |a CRC Handbook of Chemistry and Physics 56th Edition  |b A Ready-Reference Book of Chemical and Physical Data  |c editor Robert C. Weast 
250 |a 56th edition 
260 |a Cleveland  |b CRC Press  |c 1975 
300 |a nepr.s. 
490 0 |a Handbook of chemistry and physics 1975-1976, 56th edition 
650 0 |a chemistry  |x physics 
700 0 |a Weast, Robert C.  |4 edt 
910 |a SCHK95 
999 |c 3755  |d 3755